|
|
|
|
| LEADER |
02053njm a2200373 a 4500 |
| 001 |
000576443 |
| 003 |
CZ BrMZK |
| 005 |
20180830094332.0 |
| 008 |
011030s2001 xr f cze d |
| 028 |
0 |
1 |
|a 31 0538-2 431
|b Multisonic
|
| 040 |
|
|
|a BOA001
|b cze
|
| 080 |
|
|
|a (086.7)
|2 MRF
|
| 080 |
|
|
|a 398.838
|2 MRF
|
| 100 |
1 |
|
|a Černý, Jožka,
|d 1942-
|7 jn19981002639
|4 prf
|
| 245 |
1 |
0 |
|a Ty si moja velká láska...
|h [zvukový záznam] :
|b lidové písně
|
| 260 |
|
|
|a Praha :
|b Multisonic,
|c 2001
|
| 300 |
|
|
|a 1 zvuková deska :
|b digital ;
|c 12 cm +
|e 1 leták (12 x 24 cm)
|
| 500 |
|
|
|a Kompaktní deska
|
| 500 |
|
|
|a Nahráno ve studiu Českého rozhlasu v Brně v červnu 2001
|
| 500 |
|
|
|a Název na obalu: Ty si moja velká láska, ty si moja sedmikráska
|
| 505 |
0 |
0 |
|t Prší, prší, len sa leje a já stojím bez naděje --
|t U muziky su já chlap --
|t Pri breclavskej pile --
|t Sú rodiče --
|t Bude jar --
|t Široký járeček --
|t Zasadil sem čerešenku --
|t Kole Jarošova --
|t Budel som ťa, budel --
|t Prší, prší, len sa leje, nezatvárej, milá, dvere --
|t V Hodoníně za vojáčka --
|t Mal som píšťalenku --
|t Píšťalenka píská --
|t Vím já jeden háječek --
|t Keby ste to, mamko moja, věděli --
|t Chodíme, chodíme --
|t Javorník, Javorník --
|t Ej, nad Palavú --
|t Kdo má počernú galánku --
|t Aby nás Pán Bůh miloval
|
| 508 |
|
|
|a Lidové písně upravil Aleš Smutný, Petr Zugárek
|
| 511 |
0 |
|
|a Sbor Gracia; Cimbálová muzika Gracia, Aleš Smutný, primáš; Petr Zugárek, kapelník
|
| 511 |
0 |
|
|a Jožka Černý; Anna Zlomková, zpěv
|
| 650 |
0 |
4 |
|a lidové písně (zpěv, sbor, cimbálová muzika)
|
| 655 |
|
4 |
|a lidové písně
|
| 700 |
1 |
|
|a Zugárek, Petr
|7 jx20090428030
|4 cnd
|
| 700 |
1 |
|
|a Zlomková, Anna
|7 mzk2009539825
|4 prf
|
| 700 |
1 |
|
|a Smutný, Aleš
|7 jx20090623007
|4 cnd
|
| 710 |
2 |
|
|a Sbor Gracia
|4 prf
|
| 710 |
2 |
|
|a Gracia (hudební skupina)
|7 ko2003162268
|
| 910 |
|
|
|a BOA001
|b CD-0009.885
|
| 990 |
|
|
|a AV
|
| 996 |
6 |
|
|b 261H010717
|c CD-0009.885
|l MZK
|r Sklad / do 24 hodin
|n 0
|w 000576443
|u 000010
|a 1
|e BOA001
|j MZK50
|s P
|